000 00354 a2200157 4500
001 151225
040 _cEscola São Tomás de Aquino
100 _aCUNHA, Leo
240 1 0 _aConversa pra boi dormir
_lpor
245 1 0 _aConversa pra boi dormir
300 _a37
362 0 _a2012
440 1 _aDimensão
697 _a*LITERATURA INFANTO
942 _cBK
999 _c151225
_d151225